000 00507cam a22001457a 4500
008 180718b1967 xxu||||| |||| 00| 0 eng d
082 _aI5135x54 AR/MP/I
100 _aIndia. Machinery for Planning
245 _aInterim report on Machinery for Planning
_cby Administrative Reforms Commission
260 _aDelhi
_bThe Manager of Publications
_c1967
300 _a33+p.
500 _aChairman: K. Hanumanthaiya
700 _aIndia. Administrative Reforms Commission
700 _aHanumanthaiya, K. (Chairman)
999 _c489293
_d489293